Contre les fascismes : Zeev Sternhell, un historien engagé (notice n° 2208888)

détails MARC
000 -LEADER
fixed length control field 01493cam a2200145 4500500
005 - DATE AND TIME OF LATEST TRANSACTION
control field 20260412000044.0
041 ## - LANGUAGE CODE
Language code of text/sound track or separate title fre
042 ## - AUTHENTICATION CODE
Authentication code dc
100 10 - MAIN ENTRY--PERSONAL NAME
Personal name Serna, Pierre
Relator term author
245 00 - TITLE STATEMENT
Title Contre les fascismes : Zeev Sternhell, un historien engagé
260 ## - PUBLICATION, DISTRIBUTION, ETC.
Name of publisher, distributor, etc. Gallimard,<br/>
Date of publication, distribution, etc. 2025.<br/>
520 ## - SUMMARY, ETC.
Summary, etc. Zeev Sternhell est mort le 21 juin 2020. Depuis, un voile plutôt pudique a été jeté sur sa vision iconoclaste du XIXe siècle français. Voile pudique ou bien… chape de plomb&amp;#8239;? Au cœur des débats parfois houleux qui ont accompagné la publication de ses travaux: l’idée selon laquelle le fascisme est à la fois moderne, puisant aux sources de Georges Sorel et du cercle Proudhon, et réactionnaire, sa généalogie remontant à la pensée contre-révolutionnaire et aux anti-Lumières. Dans une France de nouveau en butte aux réactions contre l’universalisme, un collectif réuni par Pierre Serna a souhaité examiner à nouveaux frais l’apport de Sternhell, dressant le bilan, sans concessions ni préjugés, d’une pensée protéiforme qui a profondément renouvelé l’histoire de la France contemporaine, mais aussi celle d’Israël. De ces pages émerge la figure d’un historien combatif, lucide et engagé, qui n’a jamais imaginé son métier autrement que dans sa fonction d’éclaireur du présent.
700 10 - ADDED ENTRY--PERSONAL NAME
Personal name Collectifs
Relator term author
856 41 - ELECTRONIC LOCATION AND ACCESS
Uniform Resource Identifier <a href="https://shs.cairn.info/contre-les-fascismes--9782073099020?lang=fr&redirect-ssocas=7080">https://shs.cairn.info/contre-les-fascismes--9782073099020?lang=fr&redirect-ssocas=7080</a>

Pas d'exemplaire disponible.

PLUDOC

PLUDOC est la plateforme unique et centralisée de gestion des bibliothèques physiques et numériques de Guinée administré par le CEDUST. Elle est la plus grande base de données de ressources documentaires pour les Étudiants, Enseignants chercheurs et Chercheurs de Guinée.

Adresse

627 919 101/664 919 101

25 boulevard du commerce
Kaloum, Conakry, Guinée

Réseaux sociaux

Powered by Netsen Group @ 2025